Countries by Containing Word #3 - Statistics

General Stats
  • This quiz has been taken 396 times
  • The average score is 22 of 35
Answer Stats
Answer % Correct
Australia
98%
Austria
97%
Germany
97%
Russia
96%
Turkey
96%
Portugal
94%
Mauritius
93%
Turkmenistan
92%
Mauritania
91%
Panama
88%
Belarus
75%
Spain
72%
Gambia
69%
United States
69%
Zambia
68%
United Kingdom
66%
United Arab Emirates
65%
Niger
63%
Nigeria
63%
Palau
63%
Nepal
60%
South Korea
57%
South Africa
55%
South Sudan
55%
Philippines
54%
Algeria
47%
Oman
47%
Japan
43%
Singapore
32%
Romania
28%
Ethiopia
24%
Djibouti
23%
Mozambique
22%
Cyprus
18%
F.S. of Micronesia
18%
No matching quizzes found
Score Distribution
Percent of People with Each Score
Percentile by Number Answered
Your Score History
You have not taken this quiz